[Event "Eurasia Open Cup 2019"]
[Site "Ekaterinburg"]
[Date "2019.07.31"]
[Round "1.24"]
[White "Dubnikova, Anastasia"]
[Black "Ulybin, Mikhail"]
[Result "0-1"]
[WhiteElo "1991"]
[BlackElo "2469"]
[Annotator "ChessBase"]
[PlyCount "174"]
[EventDate "2019.07.31"]
[EventType "swiss"]
[EventCountry "RUS"]
[SourceTitle "playchess.com"]
[Source "ChessBase"]
[SourceQuality "1"]
[TimeControl "5400+30"]

1. d4 {[%emt 0:40:42]} e6 {[%emt 0:38:55]} 2. c4 {[%emt 0:13:31]} f5 {[%emt 0:07:41]} 3. Nc3 {[%emt 0:04:27]} Nf6 {[%emt 0:01:22]} 4. Qc2 {[%emt 0:00:36]} Be7 {[%emt 0:12:28]} 5. g3 {[%emt 0:21:53]} d5 {[%emt 0:02:53]} 6. Bg2 {[%emt 0:01:33]} O-O {[%emt 0:13:49]} 7. Nf3 {[%emt 0:02:39]} c6 {[%emt 0:03:28]} 8. O-O {[%emt 0:03:54]} Bd7 {[%emt 0:02:50]} 9. Rb1 {[%emt 0:03:29]} Be8 {[%emt 0:00:15]} 10. Bf4 {[%emt 0:00:40]} Ne4 {[%emt 0:00:24]} 11. cxd5 {[%emt 0:00:49]} cxd5 {[%emt 0:06:22]} 12. Qb3 {[%emt 0:00:29]} Qb6 {[%emt 0:04:22]} 13. Nxe4 {[%emt 0:00:06]} fxe4 {[%emt 0:00:18]} 14. Ng5 {[%emt 0:00:35]} Bd7 {[%emt 0:00:33]} 15. Bh3 {[%emt 0:01:00]} Rf6 {[%emt 0:00:41]} 16. Qxb6 {[%emt 0:00:10]} axb6 {[%emt 0:00:32]} 17. Bxb8 {[%emt 0:00:19]} Rxb8 {[%emt 0:00:35]} 18. Bg2 {[%emt 0:00:22]} Rff8 {[%emt 0:00:20]} 19. f4 {[%emt 0:00:52]} h6 {[%emt 0:00:37]} 20. Nh3 {[%emt 0:00:47]} Bb5 {[%emt 0:00:31]} 21. Kf2 {[%emt 0:00:34]} e5 {[%emt 0:00:13]} 22. a4 {[%emt 0:00:17]} Ba6 {[%emt 0:00:47]} 23. b4 {[%emt 0:00:44]} exd4 {[%emt 0:00:29]} 24. b5 {[%emt 0:00:06]} Rfc8 {[%emt 0:00:20]} 25. Rfc1 {[%emt 0:00:50]} Rc3 {[%emt 0:00:18]} 26. f5 {[%emt 0:00:36]} Rbc8 {[%emt 0:00:39]} 27. Rd1 {[%emt 0:00:14]} Rc2 {[%emt 0:00:14]} 28. bxa6 {[%emt 0:00:36]} bxa6 {[%emt 0:00:25]} 29. Kf1 {[%emt 0:00:39]} Bc5 {[%emt 0:01:02]} 30. Rbc1 {[%emt 0:00:21]} Rxc1 {[%emt 0:00:30]} 31. Rxc1 {[%emt 0:00:17]} Rf8 {[%emt 0:00:33]} 32. Nf4 {[%emt 0:00:26]} Rxf5 {[%emt 0:00:22]} 33. Ke1 {[%emt 0:00:06]} Kf7 {[%emt 0:00:54]} 34. Bh3 {[%emt 0:00:37]} Re5 {[%emt 0:00:34]} 35. Kd1 {[%emt 0:00:10]} g5 {[%emt 0:00:21]} 36. Nh5 {[%emt 0:02:02]} Kg6 {[%emt 0:00:39]} 37. g4 {[%emt 0:00:04]} a5 {[%emt 0:00:22]} 38. Ng3 {[%emt 0:00:10]} Re7 {[%emt 0:00:42]} 39. Bg2 {[%emt 0:01:08]} Rf7 {[%emt 0:00:32]} 40. Nf5 {[%emt 0:00:25]} h5 {[%emt 0:00:33]} 41. h3 {[%emt 0:00:41]} Rh7 {[%emt 0:00:27]} 42. Ke1 {[%emt 0:00:00]} Kf6 {[%emt 0:00:20]} 43. Kf2 {[%emt 0:00:12]} d3+ {[%emt 0:00:12]} 44. e3 {[%emt 0:00:11]} Ke5 {[%emt 0:00:28]} 45. Kg3 {[%emt 0:00:34]} Rf7 {[%emt 0:00:33]} 46. Rf1 {[%emt 0:00:53]} h4+ {[%emt 0:00:26]} 47. Kh2 {[%emt 0:00:38]} Rf8 {[%emt 0:00:11]} 48. Rc1 {[%emt 0:00:49]} d2 {[%emt 0:00:24]} 49. Rd1 {[%emt 0:00:14]} Rxf5 {[%emt 0:00:38]} 50. gxf5 {[%emt 0:00:31]} Bxe3 {[%emt 0:00:35]} 51. Bf1 {[%emt 0:01:00]} d4 {[%emt 0:00:54]} 52. Be2 {[%emt 0:00:17]} Kxf5 {[%emt 0:00:31]} 53. Kg2 {[%emt 0:00:00]} d3 {[%emt 0:00:21]} 54. Bg4+ {[%emt 0:00:27]} Ke5 {[%emt 0:00:42]} 55. Rb1 {[%emt 0:01:05]} Kd5 {[%emt 0:00:37]} 56. Rb5+ {[%emt 0:00:04]} Bc5 {[%emt 0:00:10]} 57. Kf1 {[%emt 0:00:04]} Kc4 {[%emt 0:00:58]} 58. Rb1 {[%emt 0:00:08]} Kc3 {[%emt 0:00:28]} 59. Bd1 {[%emt 0:00:07]} e3 {[%emt 0:00:21]} 60. Rb3+ {[%emt 0:01:05]} Kc4 {[%emt 0:00:37]} 61. Rb1 {[%emt 0:00:06]} Bb4 {[%emt 0:00:10]} 62. Rb2 {[%emt 0:00:02]} Kc3 {[%emt 0:00:38]} 63. Rb3+ {[%emt 0:00:05]} Kd4 {[%emt 0:00:06]} 64. Rb2 {[%emt 0:00:03]} Bc5 {[%emt 0:00:48]} 65. Rb3 {[%emt 0:01:43]} Kc4 {[%emt 0:00:54]} 66. Rb1 {[%emt 0:00:39]} Bd4 {[%emt 0:00:07]} 67. Rb5 {[%emt 0:00:52]} Kc3 {[%emt 0:00:27]} 68. Rb3+ {[%emt 0:01:43]} Kc4 {[%emt 0:00:38]} 69. Rb5 {[%emt 0:00:05]} e2+ {[%emt 0:00:33]} 70. Bxe2 {[%emt 0:00:31]} dxe2+ {[%emt 0:00:42]} 71. Kxe2 {[%emt 0:00:31]} Kc3 {[%emt 0:00:26]} 72. Rd5 {[%emt 0:00:05]} b5 {[%emt 0:00:36]} 73. axb5 {[%emt 0:00:41]} a4 {[%emt 0:00:23]} 74. Kd1 {[%emt 0:00:05]} a3 {[%emt 0:00:26]} 75. b6 {[%emt 0:00:26]} Bxb6 {[%emt 0:00:37]} 76. Rxd2 {[%emt 0:00:41]} Bd4 {[%emt 0:00:10]} 77. Rg2 {[%emt 0:01:21]} Be3 {[%emt 0:00:10]} 78. Re2 {[%emt 0:00:08]} Bf4 {[%emt 0:00:59]} 79. Rf2 {[%emt 0:00:08]} Kb3 {[%emt 0:00:32]} 80. Rf3+ {[%emt 0:00:03]} Kb2 {[%emt 0:00:16]} 81. Rf2+ {[%emt 0:02:17]} Kb1 {[%emt 0:01:34]} 82. Rf3 {[%emt 0:00:30]} Bc1 {[%emt 0:00:30]} 83. Rb3+ {[%emt 0:00:30]} Bb2 {[%emt 0:00:30]} 84. Rxa3 {[%emt 0:00:30]} Bxa3 {[%emt 0:00:30]} 85. Kd2 {[%emt 0:00:30]} g4 {[%emt 0:00:30]} 86. Ke2 {[%emt 0:00:30]} gxh3 {[%emt 0:00:30]} 87. Kf1 {[%emt 0:00:30]} Bc5 {[%emt 0:00:30]} 0-1

[Event "Eurasia Open Cup 2019"]
[Site "Ekaterinburg"]
[Date "2019.07.31"]
[Round "1.25"]
[White "Kozionov, Kirill"]
[Black "Mamontova, Anastasia"]
[Result "1-0"]
[WhiteElo "2454"]
[BlackElo "1989"]
[Annotator "ChessBase"]
[PlyCount "75"]
[EventDate "2019.07.31"]
[EventType "swiss"]
[EventCountry "RUS"]
[SourceTitle "playchess.com"]
[Source "ChessBase"]
[SourceQuality "1"]
[TimeControl "5400+30"]

1. d4 {[%emt 0:24:14]} Nf6 {[%emt 0:38:05]} 2. c4 {[%emt 0:15:14]} e6 {[%emt 0:02:22]} 3. g3 {[%emt 0:02:41]} Bb4+ {[%emt 0:03:23]} 4. Bd2 {[%emt 0:16:14]} Qe7 {[%emt 0:03:32]} 5. Nf3 {[%emt 0:03:34]} Nc6 {[%emt 0:00:13]} 6. Nc3 {[%emt 0:00:13]} Bxc3 {[%emt 0:01:17]} 7. Bxc3 {[%emt 0:02:11]} Ne4 {[%emt 0:00:17]} 8. Rc1 {[%emt 0:02:51]} O-O {[%emt 0:01:35]} 9. Bg2 {[%emt 0:20:50]} a5 {[%emt 0:23:33]} 10. O-O {[%emt 0:05:40]} d6 {[%emt 0:01:10]} 11. a3 {[%emt 0:00:46]} Nxc3 {[%emt 0:01:36]} 12. Rxc3 {[%emt 0:00:18]} e5 {[%emt 0:01:09]} 13. d5 {[%emt 0:01:14]} Nb8 {[%emt 0:11:28]} 14. b4 {[%emt 0:00:30]} axb4 {[%emt 0:00:46]} 15. axb4 {[%emt 0:00:30]} e4 {[%emt 0:00:24]} 16. Nd4 {[%emt 0:00:13]} Na6 {[%emt 0:00:31]} 17. Qb1 {[%emt 0:00:06]} f5 {[%emt 0:00:39]} 18. Rfc1 {[%emt 0:01:11]} Bd7 {[%emt 0:00:37]} 19. e3 {[%emt 0:00:30]} c5 {[%emt 0:00:15]} 20. dxc6 {[%emt 0:00:30]} bxc6 {[%emt 0:00:06]} 21. c5 {[%emt 0:00:00]} dxc5 {[%emt 0:01:20]} 22. bxc5 {[%emt 0:00:16]} Rfb8 {[%emt 0:00:06]} 23. Rb3 {[%emt 0:00:08]} Kf8 {[%emt 0:00:05]} 24. Rb6 {[%emt 0:01:36]} Qe8 {[%emt 0:07:31]} 25. Bf1 {[%emt 0:01:00]} Nc7 {[%emt 0:00:30]} 26. Bc4 {[%emt 0:00:30]} Rc8 {[%emt 0:00:30]} 27. Qb4 {[%emt 0:00:30]} f4 {[%emt 0:00:30]} 28. exf4 {[%emt 0:00:30]} Bh3 {[%emt 0:00:30]} 29. Nxc6 {[%emt 0:00:30]} e3 {[%emt 0:00:30]} 30. Ne5 {[%emt 0:00:30]} exf2+ {[%emt 0:00:30]} 31. Kxf2 {[%emt 0:00:30]} Ra4 {[%emt 0:00:30]} 32. Qd2 {[%emt 0:00:30]} Rd8 {[%emt 0:00:30]} 33. Rd6 {[%emt 0:00:30]} Rda8 {[%emt 0:00:30]} 34. Nd7+ {[%emt 0:00:30]} Bxd7 {[%emt 0:00:30]} 35. Rxd7 {[%emt 0:00:30]} Ra2 {[%emt 0:00:30]} 36. Bxa2 {[%emt 0:00:30]} Rxa2 {[%emt 0:00:30]} 37. Qxa2 {[%emt 0:00:30]} Qxd7 {[%emt 0:00:30]} 38. Kg1 {[%emt 0:00:30]} 1-0

[Event "Eurasia Open Cup 2019"]
[Site "Ekaterinburg"]
[Date "2019.07.31"]
[Round "1.26"]
[White "Gutkovich, Polina"]
[Black "Nesterov, Arseniy"]
[Result "0-1"]
[WhiteElo "1983"]
[BlackElo "2451"]
[Annotator "ChessBase"]
[PlyCount "70"]
[EventDate "2019.07.31"]
[EventType "swiss"]
[EventCountry "RUS"]
[SourceTitle "playchess.com"]
[Source "ChessBase"]
[SourceQuality "1"]
[TimeControl "5400+30"]

1. d4 {[%emt 0:13:43]} d5 {[%emt 0:40:36]} 2. c4 {[%emt 0:05:26]} c6 {[%emt 0:00:36]} 3. Nc3 {[%emt 0:12:04]} Nf6 {[%emt 0:06:01]} 4. e3 {[%emt 0:05:30]} e6 {[%emt 0:03:30]} 5. Nf3 {[%emt 0:04:44]} Nbd7 {[%emt 0:05:58]} 6. Bd3 {[%emt 0:00:05]} dxc4 {[%emt 0:00:00]} 7. Bxc4 {[%emt 0:02:51]} b5 {[%emt 0:02:42]} 8. Bd3 {[%emt 0:01:22]} Bb7 {[%emt 0:00:56]} 9. O-O {[%emt 0:01:29]} a6 {[%emt 0:01:05]} 10. e4 {[%emt 0:02:31]} c5 {[%emt 0:03:30]} 11. d5 {[%emt 0:00:10]} c4 {[%emt 0:00:03]} 12. Bc2 {[%emt 0:03:02]} Bc5 {[%emt 0:04:11]} 13. dxe6 {[%emt 0:01:00]} fxe6 {[%emt 0:01:54]} 14. Ng5 {[%emt 0:00:24]} Qb6 {[%emt 0:00:06]} 15. e5 {[%emt 0:00:29]} Nxe5 {[%emt 0:02:25]} 16. Nxh7 {[%emt 0:04:16]} Nd3 {[%emt 0:02:31]} 17. Bxd3 {[%emt 0:00:13]} O-O-O {[%emt 0:01:27]} 18. Ng5 {[%emt 0:00:06]} Rxd3 {[%emt 0:00:01]} 19. Qe2 {[%emt 0:00:39]} Bd6 {[%emt 0:21:58]} 20. h3 {[%emt 0:39:56]} Kb8 {[%emt 0:00:30]} 21. Rd1 {[%emt 0:00:30]} b4 {[%emt 0:00:30]} 22. Rxd3 {[%emt 0:00:30]} cxd3 {[%emt 0:00:30]} 23. Qxd3 {[%emt 0:00:30]} Rd8 {[%emt 0:00:30]} 24. Qe2 {[%emt 0:00:30]} bxc3 {[%emt 0:00:30]} 25. bxc3 {[%emt 0:00:30]} Qc6 {[%emt 0:00:30]} 26. f3 {[%emt 0:00:30]} Qb6+ {[%emt 0:00:30]} 27. Be3 {[%emt 0:00:30]} Bc5 {[%emt 0:00:30]} 28. Re1 {[%emt 0:00:30]} Rd5 {[%emt 0:00:30]} 29. f4 {[%emt 0:00:30]} e5 {[%emt 0:00:30]} 30. Bxc5 {[%emt 0:00:30]} Qxc5+ {[%emt 0:00:30]} 31. Kh1 {[%emt 0:00:30]} exf4 {[%emt 0:00:30]} 32. Ne6 {[%emt 0:00:30]} Qxc3 {[%emt 0:00:30]} 33. Nxf4 {[%emt 0:00:30]} Rd2 {[%emt 0:00:30]} 34. Qe5+ {[%emt 0:00:30]} Qxe5 {[%emt 0:00:30]} 35. Rxe5 {[%emt 0:00:30]} Rf2 {[%emt 0:00:30]} 0-1

[Event "Eurasia Open Cup 2019"]
[Site "Ekaterinburg"]
[Date "2019.07.31"]
[Round "1.27"]
[White "Kabanov, Nikolai"]
[Black "Trukhin, Dmitry"]
[Result "1-0"]
[WhiteElo "2450"]
[BlackElo "1976"]
[Annotator "ChessBase"]
[PlyCount "47"]
[EventDate "2019.07.31"]
[EventType "swiss"]
[EventCountry "RUS"]
[SourceTitle "playchess.com"]
[Source "ChessBase"]
[SourceQuality "1"]
[TimeControl "5400+30"]

1. d4 {[%emt 0:25:14]} Nf6 {[%emt 0:24:32]} 2. Nf3 {[%emt 0:00:23]} g6 {[%emt 0:00:15]} 3. Nc3 {[%emt 0:00:11]} Bg7 {[%emt 0:00:42]} 4. e4 {[%emt 0:03:31]} d6 {[%emt 1:06:31]} 5. Be3 {[%emt 1:03:11]} O-O {[%emt 0:00:30]} 6. Qd2 {[%emt 0:00:30]} Re8 {[%emt 0:00:30]} 7. Bh6 {[%emt 0:00:30]} Bh8 {[%emt 0:00:30]} 8. O-O-O {[%emt 0:00:30]} c6 {[%emt 0:00:30]} 9. h3 {[%emt 0:00:30]} b5 {[%emt 0:00:30]} 10. e5 {[%emt 0:00:30]} dxe5 {[%emt 0:00:30]} 11. dxe5 {[%emt 0:00:30]} Qxd2+ {[%emt 0:00:30]} 12. Nxd2 {[%emt 0:00:30]} Nfd7 {[%emt 0:00:30]} 13. f4 {[%emt 0:00:30]} Nc5 {[%emt 0:00:30]} 14. g4 {[%emt 0:00:30]} f5 {[%emt 0:00:30]} 15. Bg2 {[%emt 0:00:30]} a6 {[%emt 0:00:30]} 16. b4 {[%emt 0:00:30]} Nb7 {[%emt 0:00:30]} 17. gxf5 {[%emt 0:00:30]} Bxf5 {[%emt 0:00:30]} 18. Nb3 {[%emt 0:00:30]} Rc8 {[%emt 0:00:30]} 19. Nd4 {[%emt 0:00:30]} Bd7 {[%emt 0:00:30]} 20. Nd5 {[%emt 0:00:30]} Rd8 {[%emt 0:00:30]} 21. Nb6 {[%emt 0:00:30]} Ra7 {[%emt 0:00:30]} 22. Nxd7 {[%emt 0:00:30]} Rxd7 {[%emt 0:00:30]} 23. Nxc6 {[%emt 0:00:30]} Nxc6 {[%emt 0:00:30]} 24. Bxc6 {[%emt 0:00:30]} 1-0

[Event "Eurasia Open Cup 2019"]
[Site "Ekaterinburg"]
[Date "2019.07.31"]
[Round "1.28"]
[White "Turkeeva, Yulia"]
[Black "Khusenkhojaev, Muhammad"]
[Result "0-1"]
[WhiteElo "1968"]
[BlackElo "2441"]
[Annotator "NA"]
[PlyCount "58"]
[EventDate "2019.07.31"]
[EventType "swiss"]
[EventCountry "RUS"]
[SourceTitle "playchess.com"]
[Source "ChessBase"]
[SourceQuality "1"]
[TimeControl "5400+30"]

1. e4 {[%emt 0:22:45]} e5 {[%emt 0:33:57]} 2. Nf3 {[%emt 0:00:50]} Nc6 {[%emt 0:19:46]} 3. Bb5 {[%emt 0:04:34]} a6 {[%emt 0:05:49]} 4. Ba4 {[%emt 0:00:56]} Nf6 {[%emt 0:14:43]} 5. d3 {[%emt 0:03:13]} d6 {[%emt 0:03:09]} 6. c3 {[%emt 0:03:59]} g6 {[%emt 0:04:37]} 7. O-O {[%emt 0:00:21]} Bg7 {[%emt 0:00:39]} 8. Nbd2 {[%emt 0:01:49]} O-O {[%emt 0:09:28]} 9. Re1 {[%emt 0:00:26]} b5 {[%emt 0:00:28]} 10. Bc2 {[%emt 0:00:07]} d5 {[%emt 0:01:04]} 11. Qe2 {[%emt 0:00:32]} d4 {[%emt 0:00:14]} 12. c4 {[%emt 0:01:35]} Nh5 {[%emt 0:00:59]} 13. g3 {[%emt 0:00:25]} Bg4 {[%emt 0:00:06]} 14. cxb5 {[%emt 0:00:17]} axb5 {[%emt 0:02:01]} 15. Kg2 {[%emt 0:55:41]} Qc8 {[%emt 0:00:30]} 16. h4 {[%emt 0:00:30]} Nb4 {[%emt 0:00:30]} 17. Bb1 {[%emt 0:00:30]} f5 {[%emt 0:00:30]} 18. Qd1 {[%emt 0:00:30]} fxe4 {[%emt 0:00:30]} 19. dxe4 {[%emt 0:00:30]} c5 {[%emt 0:00:30]} 20. a4 {[%emt 0:00:30]} c4 {[%emt 0:00:30]} 21. Ra3 {[%emt 0:00:30]} bxa4 {[%emt 0:00:30]} 22. Rxa4 {[%emt 0:00:30]} Rb8 {[%emt 0:00:30]} 23. Ra3 {[%emt 0:00:30]} Kh8 {[%emt 0:00:30]} 24. Qa4 {[%emt 0:00:30]} c3 {[%emt 0:00:30]} 25. bxc3 {[%emt 0:00:30]} dxc3 {[%emt 0:00:30]} 26. Rb3 {[%emt 0:00:30]} cxd2 {[%emt 0:00:30]} 27. Bxd2 {[%emt 0:00:30]} Nc2 {[%emt 0:00:30]} 28. Rc1 {[%emt 0:00:30]} Rxb3 {[%emt 0:00:30]} 29. Qxb3 {[%emt 0:00:30]} Bxf3+ {[%emt 0:00:30]} 0-1

[Event "Eurasia Open Cup 2019"]
[Site "Ekaterinburg"]
[Date "2019.07.31"]
[Round "1.29"]
[White "Davtyan, Artur"]
[Black "Morgachev, Sergey"]
[Result "1-0"]
[WhiteElo "2440"]
[BlackElo "1965"]
[Annotator "NA"]
[PlyCount "85"]
[EventDate "2019.07.31"]
[EventType "swiss"]
[EventCountry "RUS"]
[SourceTitle "playchess.com"]
[Source "ChessBase"]
[SourceQuality "1"]
[TimeControl "5400+30"]

1. d4 {[%emt 1:30:00]} Nf6 {[%emt 0:00:00]} 2. Nf3 {[%emt 0:00:03]} e6 {[%emt 0:00:00]} 3. c4 {[%emt 0:00:02]} b6 {[%emt 0:00:00]} 4. g3 {[%emt 0:00:02]} Ba6 {[%emt 0:00:00]} 5. Qa4 {[%emt 0:00:06]} Bb7 {[%emt 0:00:00]} 6. Bg2 {[%emt 0:00:03]} c5 {[%emt 0:00:00]} 7. dxc5 {[%emt 0:00:02]} bxc5 {[%emt 0:00:00]} 8. O-O {[%emt 0:00:02]} Be7 {[%emt 0:00:00]} 9. Nc3 {[%emt 0:00:02]} O-O {[%emt 0:00:00]} 10. Rd1 {[%emt 0:00:03]} Qb6 {[%emt 0:00:00]} 11. Bf4 {[%emt 0:00:05]} Rd8 {[%emt 0:00:00]} 12. Rd2 {[%emt 0:00:05]} d6 {[%emt 0:00:00]} 13. Rad1 {[%emt 0:00:02]} h6 {[%emt 0:00:00]} 14. Qb5 {[%emt 0:00:03]} Ne8 {[%emt 0:00:00]} 15. e4 {[%emt 0:00:02]} Nd7 {[%emt 0:00:00]} 16. e5 {[%emt 0:00:05]} Qxb5 {[%emt 0:00:00]} 17. Nxb5 {[%emt 0:00:03]} d5 {[%emt 0:00:00]} 18. cxd5 {[%emt 0:00:04]} Bxd5 {[%emt 0:00:00]} 19. Ne1 {[%emt 0:00:03]} Nb6 {[%emt 0:00:00]} 20. b3 {[%emt 0:00:06]} a6 {[%emt 0:00:00]} 21. Nc3 {[%emt 0:00:02]} Nc7 {[%emt 0:00:00]} 22. Be3 {[%emt 0:00:02]} Bxg2 {[%emt 0:00:00]} 23. Rxd8+ {[%emt 0:00:02]} Rxd8 {[%emt 0:00:00]} 24. Rxd8+ {[%emt 0:00:04]} Bxd8 {[%emt 0:00:00]} 25. Kxg2 {[%emt 0:00:04]} Be7 {[%emt 0:00:00]} 26. Ne4 {[%emt 0:00:02]} Nd7 {[%emt 0:00:00]} 27. Nd3 {[%emt 0:00:05]} Nd5 {[%emt 0:00:00]} 28. Bxc5 {[%emt 0:00:02]} Nxc5 {[%emt 0:00:00]} 29. Nexc5 {[%emt 0:00:04]} Nc7 {[%emt 0:00:00]} 30. b4 {[%emt 0:00:02]} Kf8 {[%emt 0:00:00]} 31. f4 {[%emt 0:00:02]} Ke8 {[%emt 0:00:00]} 32. Kf3 {[%emt 0:00:07]} Kd8 {[%emt 0:00:00]} 33. g4 {[%emt 0:00:02]} g6 {[%emt 0:00:00]} 34. h3 {[%emt 0:15:17]} Kc8 {[%emt 1:47:00]} 35. a4 {[%emt 0:00:30]} Kb8 {[%emt 0:00:30]} 36. f5 {[%emt 0:00:30]} gxf5 {[%emt 0:00:30]} 37. gxf5 {[%emt 0:00:30]} exf5 {[%emt 0:00:30]} 38. Kf4 {[%emt 0:00:30]} Ka7 {[%emt 0:00:30]} 39. Kxf5 {[%emt 0:00:30]} Nd5 {[%emt 0:00:30]} 40. e6 {[%emt 0:00:30]} f6 {[%emt 0:00:30]} 41. a5 {[%emt 0:00:30]} Nxb4 {[%emt 0:00:30]} 42. Nxb4 {[%emt 0:00:30]} Bxc5 {[%emt 0:00:30]} 43. e7 {[%emt 0:00:30]} 1-0

[Event "Eurasia Open Cup 2019"]
[Site "Ekaterinburg"]
[Date "2019.07.31"]
[Round "1.30"]
[White "Shvetsov, Maksim"]
[Black "Shubin, Kirill"]
[Result "0-1"]
[WhiteElo "1964"]
[BlackElo "2426"]
[Annotator "NA"]
[PlyCount "130"]
[EventDate "2019.07.31"]
[EventType "swiss"]
[EventCountry "RUS"]
[SourceTitle "playchess.com"]
[Source "ChessBase"]
[SourceQuality "1"]
[TimeControl "5400+30"]

1. e4 {[%emt 0:27:15]} e6 {[%emt 0:23:23]} 2. d4 {[%emt 0:02:52]} d5 {[%emt 0:02:00]} 3. Nc3 {[%emt 0:02:09]} Bb4 {[%emt 0:01:26]} 4. exd5 {[%emt 0:00:35]} exd5 {[%emt 0:09:17]} 5. Bd3 {[%emt 0:04:22]} Nf6 {[%emt 0:03:32]} 6. Nge2 {[%emt 0:03:18]} O-O {[%emt 0:01:53]} 7. O-O {[%emt 0:04:30]} Re8 {[%emt 0:08:37]} 8. Bg5 {[%emt 0:04:22]} c6 {[%emt 0:05:51]} 9. Ng3 {[%emt 0:00:37]} h6 {[%emt 0:01:16]} 10. Bf4 {[%emt 0:08:57]} Nbd7 {[%emt 0:00:05]} 11. Re1 {[%emt 0:01:53]} Rxe1+ {[%emt 0:00:55]} 12. Qxe1 {[%emt 0:00:22]} Nf8 {[%emt 0:01:34]} 13. Nf5 {[%emt 0:03:38]} Be6 {[%emt 0:01:26]} 14. Qe3 {[%emt 0:03:36]} Nh5 {[%emt 0:00:57]} 15. Be5 {[%emt 0:00:06]} f6 {[%emt 0:07:07]} 16. Bg3 {[%emt 0:02:08]} Qd7 {[%emt 0:02:10]} 17. Qf3 {[%emt 0:00:24]} Nxg3 {[%emt 0:06:55]} 18. hxg3 {[%emt 0:03:50]} g6 {[%emt 0:07:43]} 19. Ne3 {[%emt 0:01:59]} Kg7 {[%emt 0:01:42]} 20. Ne2 {[%emt 0:04:16]} Bf7 {[%emt 0:02:53]} 21. Nf4 {[%emt 0:03:25]} Nh7 {[%emt 0:00:07]} 22. c3 {[%emt 0:00:29]} Bd6 {[%emt 0:01:54]} 23. Re1 {[%emt 0:00:16]} Ng5 {[%emt 0:03:46]} 24. Qd1 {[%emt 0:00:40]} Re8 {[%emt 0:00:34]} 25. Qc2 {[%emt 0:00:37]} f5 {[%emt 0:00:43]} 26. c4 {[%emt 0:01:47]} dxc4 {[%emt 0:01:13]} 27. Bxc4 {[%emt 0:02:04]} Re4 {[%emt 0:00:21]} 28. Bxf7 {[%emt 0:01:28]} Qxf7 {[%emt 0:00:16]} 29. Qc3 {[%emt 0:00:35]} Kh7 {[%emt 0:03:53]} 30. Nd3 {[%emt 0:00:07]} f4 {[%emt 0:00:06]} 31. gxf4 {[%emt 0:00:26]} Bxf4 {[%emt 0:00:32]} 32. Ng4 {[%emt 0:00:02]} Rxe1+ {[%emt 0:00:11]} 33. Qxe1 {[%emt 0:02:25]} Bd6 {[%emt 0:00:04]} 34. Nde5 {[%emt 0:02:10]} Qf5 {[%emt 0:01:05]} 35. Qe3 {[%emt 0:00:38]} h5 {[%emt 0:00:05]} 36. Nh2 {[%emt 0:01:58]} Ne6 {[%emt 0:00:05]} 37. Nhf3 {[%emt 0:00:50]} Qb1+ {[%emt 0:00:25]} 38. Kh2 {[%emt 0:00:00]} Qxa2 {[%emt 0:02:22]} 39. Qe4 {[%emt 0:01:14]} Nf8 {[%emt 0:00:12]} 40. g3 {[%emt 0:00:58]} Qd5 {[%emt 0:00:29]} 41. Qf4 {[%emt 0:00:12]} Kg7 {[%emt 0:00:05]} 42. Nh4 {[%emt 0:00:07]} Be7 {[%emt 0:01:06]} 43. Ng2 {[%emt 0:01:21]} Bf6 {[%emt 0:00:42]} 44. Ne3 {[%emt 0:00:21]} Bxe5 {[%emt 0:00:00]} 45. dxe5 {[%emt 0:00:08]} Qf7 {[%emt 0:00:00]} 46. Qxf7+ {[%emt 0:00:02]} Kxf7 {[%emt 0:01:29]} 47. f4 {[%emt 0:00:17]} Ke6 {[%emt 0:00:00]} 48. Kg2 {[%emt 0:00:06]} Nd7 {[%emt 0:00:14]} 49. Kf3 {[%emt 0:00:05]} Nc5 {[%emt 0:01:49]} 50. g4 {[%emt 0:09:03]} h4 {[%emt 0:00:30]} 51. b4 {[%emt 0:00:30]} Nd3 {[%emt 0:00:30]} 52. Ke4 {[%emt 0:00:30]} Nxb4 {[%emt 0:00:30]} 53. f5+ {[%emt 0:00:30]} Kf7 {[%emt 0:00:30]} 54. e6+ {[%emt 0:00:30]} Ke7 {[%emt 0:00:30]} 55. Nf1 {[%emt 0:00:30]} g5 {[%emt 0:00:30]} 56. Nh2 {[%emt 0:00:30]} Kf6 {[%emt 0:00:30]} 57. Nf3 {[%emt 0:00:30]} h3 {[%emt 0:00:30]} 58. Kd4 {[%emt 0:00:30]} b6 {[%emt 0:00:30]} 59. Nxg5 {[%emt 0:00:30]} c5+ {[%emt 0:00:30]} 60. Kc4 {[%emt 0:00:30]} Kxg5 {[%emt 0:00:30]} 61. e7 {[%emt 0:00:30]} h2 {[%emt 0:00:30]} 62. e8=Q {[%emt 0:00:30]} h1=Q {[%emt 0:00:30]} 63. Qe5 {[%emt 0:00:30]} Qf1+ {[%emt 0:00:30]} 64. Kb3 {[%emt 0:00:30]} Qd3+ {[%emt 0:00:30]} 65. Ka4 {[%emt 0:00:30]} b5+ {[%emt 0:00:30]} 0-1

[Event "Eurasia Open Cup 2019"]
[Site "Ekaterinburg"]
[Date "2019.07.31"]
[Round "1.31"]
[White "Savitskiy, Sergey"]
[Black "Tanygin, Valerij"]
[Result "1-0"]
[WhiteElo "2418"]
[BlackElo "1964"]
[Annotator "NA"]
[PlyCount "35"]
[EventDate "2019.07.31"]
[EventType "swiss"]
[EventCountry "RUS"]
[SourceTitle "playchess.com"]
[Source "ChessBase"]
[SourceQuality "1"]
[TimeControl "5400+30"]

1. e4 {[%emt 0:34:16]} c5 {[%emt 0:20:00]} 2. Nf3 {[%emt 0:56:44]} e6 {[%emt 1:11:00]} 3. d4 {[%emt 0:00:30]} cxd4 {[%emt 0:00:30]} 4. Nxd4 {[%emt 0:00:30]} a6 {[%emt 0:00:30]} 5. Nc3 {[%emt 0:00:30]} Qc7 {[%emt 0:00:30]} 6. g3 {[%emt 0:00:30]} Nf6 {[%emt 0:00:30]} 7. Bg2 {[%emt 0:00:30]} Nc6 {[%emt 0:00:30]} 8. O-O {[%emt 0:00:30]} Be7 {[%emt 0:00:30]} 9. Re1 {[%emt 0:00:30]} d6 {[%emt 0:00:30]} 10. Nxc6 {[%emt 0:00:30]} bxc6 {[%emt 0:00:30]} 11. e5 {[%emt 0:00:30]} Nd5 {[%emt 0:00:30]} 12. exd6 {[%emt 0:00:30]} Bxd6 {[%emt 0:00:30]} 13. Ne4 {[%emt 0:00:30]} Be7 {[%emt 0:00:30]} 14. c4 {[%emt 0:00:30]} Nf6 {[%emt 0:00:30]} 15. Bf4 {[%emt 0:00:30]} Qd7 {[%emt 0:00:30]} 16. Nd6+ {[%emt 0:00:30]} Kf8 {[%emt 0:00:30]} 17. Qa4 {[%emt 0:00:30]} Qa7 {[%emt 0:00:30]} 18. Qxc6 {[%emt 0:00:30]} 1-0